000
00462nam a2200181Ia 4500
008
100917s9999 xx 000 0 und d
082
_b
27471
100
_a
गोखले अरविंद
245
_a
कथाई
260
_b
कॉन्टिनेन्टल प्रकाशन
_c
1963
300
_a
152
365
_b
4
520
_a
कथा
630
_a
कथाई
650
_a
कथा
730
_a
कथाई
942
_c
BOOK
999
_c
632865
_d
632862